000 00334nam a22001337a 4500
008 260601b |||||||| |||| 00| 0 eng d
020 _a9789381275498
082 _a001930
100 _aVenkateshacharya,B
245 _aBhavaratnakosha
260 _aBangalore
_bPoornaprajna Samshodhana Mandiram
_c2016
300 _a254p
942 _2ddc
999 _c1505
_d1505